Majstrovstvá Východoslovenského kraja v spoločenskom tanci na rok 1986

Bibliographic Details
Main Author: Böhm, Otto (Author)
Format: Article
Language:Slovak
PhysicalDescription:Obr. 1.
Subjects:

MARC

LEADER 00000nab a2200000 a 4500
001 vtls000261591
003 SK-MaSNL
005 20260305030703.0
008 111130c1986 xo 0 slo
015 |a SNBRB19rr/mm-uuuuu 
035 |a CL0271705 
040 |a SNKBUCL  |b slo  |c SNKBUCL  |e AACR2 
041 0 |a slo 
044 |a xo  |c SK 
080 |a 793.33.091.4(437.6)  |2 1981 
100 1 |a Böhm, Otto  |4 aut  |9 873725 
245 1 0 |a Majstrovstvá Východoslovenského kraja v spoločenskom tanci na rok 1986  |c Otto Böhm 
300 |b Obr. 1. 
650 0 7 |a spoločenské tance  |2 snkbucl  |9 29452 
651 7 |a 5400  |2 snkbucl  |9 279426 
651 7 |a Východoslovenský kraj (Slovensko)  |2 snkbucl  |9 161537 
655 7 |a články z novín a časopisov  |2 snkbucl  |9 267496 
773 0 |t Rytmus  |g Roč. 37, č. 10 (1986), s. 20-21 
850 |a Slovenská národná knižnica v Martine  |a MTA001 
852 |a SNK  |b KIS3GCP 
958 |a RK 
992 |a RBX 
999 |c 3312840  |d 3314770